000 00247nam a2200121Ia 4500
100 _a#N/A
650 _aComputer/ IT
942 _cBK
654 _aj2ee
245 _aJ2EE - Sun Certified Enterprise for J2EE
260 _b#N/A
546 _aENGLISH
999 _c33678
_d33678